Fundamentals of auditing

Gespeichert in:
Bibliographische Detailangaben
1. Verfasser: OBAWUSI, Joshua Olanrewaju
Format: Buch
Sprache:Englisch
Veröffentlicht: Osat Publishers 1998
Tags: Tag hinzufügen
Keine Tags, Fügen Sie den ersten Tag hinzu!

MARC

LEADER 00000nam a22000007a 4500
008 210122b ||||| |||| 00| 0 eng d
020 |a 978-34607-3-0 
100 |a OBAWUSI, Joshua Olanrewaju 
245 |a Fundamentals of auditing 
260 |b  Osat Publishers  |c  1998  |h Abeokuta:  |i 693526 –   |i 693528  |i  693529   |i  693527  |l HF5667 .Ob1 
942 |a lcc  |c BK  |e j o ifatola  |f 22/1/2021 
952 |0 0  |1 0  |2 lcc  |4 0  |6 HF5667 O B1  |7 0  |9 1490  |a HOL  |b HOL  |c GJ  |d 2021-01-22  |l 0  |o HF5667 .Ob1  |p 2021-0287  |r 2021-01-22 00:00:00  |w 2021-01-22  |y BK 
952 |0 0  |1 0  |2 lcc  |4 0  |6 HF5667 O B1  |7 0  |9 1491  |a HOL  |b MPL  |c GJ  |d 2021-01-22  |l 0  |o HF5667 .Ob1  |p 2021-0288  |r 2021-01-22 00:00:00  |w 2021-01-22  |y BK 
952 |0 0  |1 0  |2 lcc  |4 0  |6 HF5667 O B1  |7 0  |9 1492  |a HOL  |b MPL  |c GJ  |d 2021-01-22  |l 0  |o HF5667 .Ob1  |p 2021-0289  |r 2021-01-22 00:00:00  |w 2021-01-22  |y BK 
952 |0 0  |1 0  |2 lcc  |4 0  |6 HF5667 O B1  |7 0  |9 1493  |a HOL  |b MPL  |c GJ  |d 2021-01-22  |l 0  |o HF5667 .Ob1  |p 2021-0290  |r 2021-01-22 00:00:00  |w 2021-01-22  |y BK 
999 |c 777  |d 777